Guess the '80s College Radio Hit with No Clues #4 - Statistics

General Stats
  • This quiz has been taken 34 times
  • The average score is 43 of 150
Answer Stats
Lyrics % Correct
a
93%
in
75%
be
71%
and
68%
he
64%
to
64%
we
64%
his
50%
if
50%
is
50%
that
50%
for
43%
want
43%
this
36%
but
32%
him
32%
as
29%
not
29%
We're
29%
we're
29%
good
21%
he's
21%
yeah
21%
only
18%
world
18%
hand
14%
just
14%
loves
14%
what's
14%
has
11%
making
11%
Nigel
11%
plans
11%
best
7%
helping
7%
likes
7%
must
7%
needs
7%
young
7%
British
4%
future
4%
happy
4%
Nigel's
4%
says
4%
speak
4%
spoken
4%
steel
4%
whole
4%
outspoken
0%
sealed
0%
No matching quizzes found
Score Distribution
Percent of People with Each Score
Percentile by Number Answered
Your Score History
You have not taken this quiz